000 01189cam a22003738i 4500
001 20668849
003 jhsc
005 20210802012434.0
008 180913s2020 nyu 001 0 eng
010 _a 2018044199
020 _a9781260399059 (alk. paper)
040 _aDLC
_beng
_erda
_cDLC
042 _apcc
050 0 0 _aQP34.5
_b.S23 2020
082 0 0 _a612.0078
_223
100 1 _aWise, Eric,
_eauthor.
240 1 0 _aAnatomy & physiology laboratory manual
245 1 0 _aSeeley's anatomy & physiology laboratory manual /
_cEric Wise.
246 3 _aSeely's anatomy and physiology laboratory manual
246 3 _aLaboratory manual, anatomy & physiology
250 _aTwelfth edition.
263 _a1901
264 1 _aNew York, NY :
_bMcGraw-Hill Education,
_c[2020]
300 _apages cm
336 _atext
_btxt
_2rdacontent
337 _aunmediated
_bn
_2rdamedia
338 _avolume
_bnc
_2rdacarrier
500 _aIncludes index.
650 0 _aHuman anatomy
_vLaboratory manuals.
650 0 _aHuman physiology
_vLaboratory manuals.
906 _a7
_bcbc
_corignew
_d1
_eecip
_f20
_gy-gencatlg
942 _2ddc
_cBOOK
999 _c472
_d472